| 000 | 02040nam a22002777a 4500 | ||
|---|---|---|---|
| 999 |
_c57368 _d57368 |
||
| 003 | Ge_BSU | ||
| 005 | 20200609113808.0 | ||
| 008 | 200609s2015 ge ||||| |||| 00| 0 geo d | ||
| 020 | _a9789941182587 | ||
| 041 | _ageo | ||
| 080 | _a004.9:338.48 ბ-48 | ||
| 100 |
_aბენკენდორფი, პიერ. _98323 |
||
| 245 |
_aტურიზმის საინფორმაციო ტექნოლოგიები / _cპიერ ბენკენდორფი, პაულინ შელდონი, დანიელ ფეზენმაიერი ; მთარგმნელები: თამარ გამყრელიძე, გიორგი ციმინტია ; ტექსტის რედაქტორი მანანა ბალიაშვილი. |
||
| 264 |
_aთბილისი : _bილიას სახელმწ. უნ-ტი, _c2015. |
||
| 300 |
_a510 გვ. : _bსურ., ცხრ. ; _c24 სმ. |
||
| 500 | _aდაფინანსებულია საქართველოში აშშ-ს საელჩოს წიგნების თარგმნის პროგრამის ფარგლებში. | ||
| 504 | _a ბიბლიოგრ. თავების ბოლოს. | ||
| 653 | _aსაინფორმაციო ტექნოლოგიების გამოყენება ტურიზმის სფეროში | ||
| 653 | _aტურიზმთან დაკავშირებული მომსახურება | ||
| 653 | _aტურიზმი | ||
| 700 |
_aფეზენმაიერი, დანიელ _eავტორი _98324 |
||
| 700 |
_aგამყრელიძე, თამარ _eავტორი _98325 |
||
| 700 |
_aციმინტია, გიორგი _eმთარგმნელი _98326 |
||
| 700 |
_aბალიაშვილი, მანანა _eრედაქტორი _91339 |
||
| 942 |
_2udc _cBK |
||